00426nam a2200121Ia 4500003000400000005001700004008004100021040001800062041000800080100004900088245012300137260004400260OSt20260119144316.0211028s2013 xx 000 0 und d cAIMIT LIBRARY aeng aMaben, Shaila; Mascarenhas, Oswald.g1116143 aStudy on various factors leading to decrease in sale of mahindra xylo with reference to Karnataka agencies Mangalore / aMangalorebFr. Oswald Mascarenhasc2013